000 00447nam a22001817a 4500
003 MPLRDC
005 20220104114037.0
008 210129b ||||| |||| 00| 0 eng d
082 _a848.2 LQX-18
100 _a林清玄著
245 _a难遣人间未了情
_c
250 _a初版
260 _a
_b时报文化出版事业有限
_c1980
300 _b
490 _a时报书系;261
650 _a现代别集
942 _cBK
_o848.2 LQX-18
999 _c4372
_d4362